| 000 | 01491cam a2200349 a 4500 | ||
|---|---|---|---|
| 001 | 15721312 | ||
| 003 | ARRUPE | ||
| 005 | 20150401020005.0 | ||
| 008 | 090501s2010 enka b 001 0 eng | ||
| 010 | _a 2009018064 | ||
| 015 |
_aGBA986883 _2bnb |
||
| 016 | 7 |
_a015361832 _2Uk |
|
| 020 | _a9780826498083 (hbk) | ||
| 020 | _a0826498086 (hbk) | ||
| 020 | _a9780826498090 (pbk) | ||
| 020 | _a0826498094 (pbk) | ||
| 035 | _a(OCoLC)ocn310401961 | ||
| 040 |
_aDLC _cDLC _dBTCTA _dUKM _dBWKUK _dBWK _dYDXCP _dBWX _dDLC |
||
| 050 | 0 | 0 |
_aB843 _b.B95 2010 |
| 082 | 0 | 0 |
_a171/.5 _222 |
| 100 | 1 |
_aBykvist, Krister. _911159 |
|
| 245 | 1 | 0 |
_aUtilitarianism : _ba guide for the perplexed / _cKrister Bykvist. |
| 260 |
_aLondon ; _aNew York : _bContinuum, _cc2010. |
||
| 300 |
_aviii, 176 p. : _bill. ; _c23 cm. |
||
| 490 | 0 | _aContinuum guides for the perplexed | |
| 504 | _aIncludes bibliographical references (p. 165-169) and index. | ||
| 505 | 0 | _aIntroduction -- The nature and assessment of moral theories -- What is utilitarianism? -- Well-being -- Utilitarian aggregation -- A user-friendly guide to action? -- Is utilitarianism too demanding? -- Is utilitarianism too permissive? -- The way outcomes are brought about -- The place of rules in utilitarianism. | |
| 650 | 0 |
_aUtilitarianism. _91723 |
|
| 906 |
_a7 _bcbc _corignew _d1 _eecip _f20 _gy-gencatlg |
||
| 942 |
_2lcc _cMONOGRAPH _01 |
||
| 999 |
_c120804 _d120804 |
||